Filantropía inversionista : la oveja negra con piel de lobo /

El ya agitado debate en el sector de las organizaciones sin fines de lucro sobre el emergente campo de la "filantropía inversionista" se pone cada vez más candente. Pareciera que quienquiera que no haya expresado su opinión, estuviera preparándose para hacerlo. ¿Cómo es que este campo, que recién em...

Full description

Bibliographic Details
Main Author: Davis, Lee
Other Authors: Etchart, Nicole
Format: Analitica de revista
Language:Spanish
Published: Santiago, Chile SUR 2002
Subjects:

MARC

LEADER 00000cab a2200000 a 4500
001 037933
003 UAHC_CL
005 20171125132319.0
008 140120s2002 cl 000 spa
952 |0 0  |1 0  |4 0  |6 PROPOSICIONES_34_02_000000000000000  |7 0  |8 COMP  |9 71949  |a BC  |b BC  |c COMP  |d 2017-08-03  |l 0  |o PROPOSICIONES-34/02  |r 2017-08-03 00:00:00  |t 1  |w 2017-08-03  |y REVA 
999 |c 37933  |d 37933 
040 |a UAHC_CL  |c UAHC_CL  |d UAHC_CL 
100 1 |a Davis, Lee 
245 1 0 |a Filantropía inversionista :  |b la oveja negra con piel de lobo /  |c Lee Davis y Nicole Etchart. 
260 |b SUR  |c 2002  |a Santiago, Chile 
300 |a pp. 279-284 
310 |a Anual. 
362 0 |a Año 1, no. 1 (nov. 2002)- . 
362 0 |a Año 1, no. 1 (nov. 2002)- . 
500 |a En: Proposiciones. no. 34, 2002. pp. 279-284. ISSN. 956208051X. 
520 |a El ya agitado debate en el sector de las organizaciones sin fines de lucro sobre el emergente campo de la "filantropía inversionista" se pone cada vez más candente. Pareciera que quienquiera que no haya expresado su opinión, estuviera preparándose para hacerlo. ¿Cómo es que este campo, que recién empieza a desarrollarse como tal, se las arregló para generar tanto alboroto en el sector no lucrativo? La filantropía inversionista ha sido vilipendiada como la oveja negra de la filantropía, y también se la ha llamado la solución a las limitaciones que se perciben dentro de la filantropía tradicional y "clásica". ¿Acaso la filantropía inversionista es la "oveja con piel de lobo" (es decir, el remedio inocente y sanador, aunque difícil de tragar, que el mundo de la filantropía tanto necesita)?. 
650 4 |a INVERSIONES PUBLICAS 
700 1 |a Etchart, Nicole 
900 |a PROPOSICIONES-34/02 
942 |c REVA  |2 ddc